[Event "Sachsen-ch U16 Girls"]
[Site "Sebnitz"]
[Date "2013.04.04"]
[Round "4"]
[White "Schille, Anika"]
[Black "Dehmel, Jennifer"]
[Result "1-0"]
[WhiteElo "1223"]
[BlackElo "1184"]
[PlyCount "83"]
[EventDate "2013.04.02"]
[EventType "swiss"]
[EventRounds "7"]
[EventCountry "GER"]
[SourceTitle "EXT 2014"]
[Source "ChessBase"]
[SourceDate "2013.11.20"]
[SourceVersion "1"]
[SourceVersionDate "2013.11.20"]
[SourceQuality "1"]

1. d4 Nf6 2. c4 c5 3. Nf3 g6 4. Nc3 cxd4 5. Nxd4 Nc6 6. Bg5 Bg7 7. e3 0-0 8. Be2 d6 9. 0-0 Bd7 10. Qd2 Rc8 11. Rfd1 a6 12. Nf3 Be6 13. Rac1 Ng4 14. Nd4 Nxd4 15. exd4 Nf6 16. b3 Qd7 17. Bf3 Rfd8 18. Na4 Qc7 19. c5 d5 20. Nb6 Rb8 21. Bf4 Qc6 22. Bxb8 Rxb8 23. Qf4 Rd8 24. Re1 Nd7 25. Na4 Nf6 26. Rcd1 Re8 27. Nc3 Bd7 28. a4 Qc8 29. Nxd5 Nxd5 30. Bxd5 e6 31. Bc4 Qd8 32. d5 e5 33. Qf3 Qb8 34. c6 Bc8 35. d6 Be6 36. Bxe6 fxe6 37. c7 Qc8 38. d7 Qxd7 39. Rxd7 Rf8 40. c8Q Rxc8 41. Qf7+ Kh8 42. Qxg7# 1-0

[Event "Sachsen-ch U14 Girls"]
[Site "Sebnitz"]
[Date "2012.04.11"]
[Round "2"]
[White "Dehmel, Jennifer"]
[Black "Nobis, Anna"]
[Result "0-1"]
[WhiteElo "1064"]
[BlackElo "1577"]
[PlyCount "56"]
[EventDate "2012.04.10"]
[EventType "swiss"]
[EventRounds "7"]
[EventCountry "GER"]
[SourceTitle "CBM 148 Extra"]
[Source "ChessBase"]
[SourceDate "2012.06.22"]
[SourceVersion "1"]
[SourceVersionDate "2012.06.22"]
[SourceQuality "1"]

1. e4 c5 2. d4 cxd4 3. c3 d3 4. Bxd3 Nc6 5. Nf3 d6 6. Be3 Nf6 7. Nbd2 Ng4 8. Bf4 Qb6 9. Bg3 Qxb2 10. c4 Nb4 11. Bb1 Qxa1 12. Qa4+ Nc6 13. 0-0 Qc3 14. Qd1 g6 15. h3 Nge5 16. Nxe5 Nxe5 17. f4 Qxg3 18. fxe5 Bxh3 19. Qf3 Qxf3 20. Nxf3 Be6 21. Bd3 Bg7 22. exd6 exd6 23. Ng5 0-0 24. Nxe6 fxe6 25. Rb1 b6 26. Be2 Bd4+ 27. Kh1 Rf4 28. Bf3 Rh4# 0-1

[Event "Sachsen-ch U14 Girls"]
[Site "Sebnitz"]
[Date "2011.04.29"]
[Round "6"]
[White "Fischer, Franziska"]
[Black "Dehmel, Jennifer"]
[Result "0-1"]
[WhiteElo "805"]
[BlackElo "956"]
[PlyCount "80"]
[EventDate "2011.04.26"]
[EventType "swiss"]
[EventRounds "7"]
[EventCountry "GER"]
[SourceTitle "EXT 2012"]
[Source "ChessBase"]
[SourceDate "2011.11.24"]
[SourceVersion "1"]
[SourceVersionDate "2011.11.24"]
[SourceQuality "1"]

1. e4 c5 2. Nf3 Nc6 3. Bc4 Nf6 4. d4 cxd4 5. Nxd4 a6 6. Bg5 Nxe4 7. Qg4 Nxg5 8. Qxg5 Nxd4 9. Na3 e6 10. Qxd8+ Kxd8 11. 0-0-0 Bc5 12. c3 Nc6 13. Rd2 Ke7 14. f4 Re8 15. Re1 Kf8 16. g4 b5 17. Bd3 b4 18. Nb1 Kg8 19. h4 Bb7 20. g5 g6 21. h5 Kg7 22. Rde2 gxh5 23. Rf1 f5 24. Nd2 bxc3 25. bxc3 Na5 26. Rfe1 Bd5 27. Nf1 Nc4 28. Rh2 Bf3 29. Bxc4 Rab8 30. Bd3 Ba3+ 31. Kd2 Rb2+ 32. Bc2 Be4 33. Ne3 d5 34. Rg1 Kg6 35. Kd1 Bc5 36. Rg3 Rd8 37. Kc1 Rdb8 38. c4 d4 39. Ng2 Rxc2+ 40. Kd1 Rb1# 0-1

[Event "Sachsen-ch U12 Girls"]
[Site "Sebnitz"]
[Date "2009.04.16"]
[Round "5"]
[White "Fuessel, Lisa"]
[Black "Dehmel, Jennifer"]
[Result "0-1"]
[WhiteElo "748"]
[BlackElo "825"]
[PlyCount "82"]
[EventDate "2009.04.14"]
[EventType "swiss"]
[EventRounds "7"]
[EventCountry "GER"]
[SourceTitle "EXT 2010"]
[Source "ChessBase"]
[SourceDate "2010.11.25"]
[SourceVersion "1"]
[SourceVersionDate "2010.11.25"]
[SourceQuality "1"]

1. e4 e5 2. Nf3 Nc6 3. Bc4 Bc5 4. c3 d6 5. h3 Nf6 6. d4 Bb6 7. Bg5 h6 8. Bh4 g5 9. Bg3 Nxe4 10. Bh2 g4 11. hxg4 Bxg4 12. Qd3 d5 13. Bb5 Qd7 14. Nxe5 Qe7 15. Nxg4 0-0-0 16. 0-0 f5 17. Ne3 Rhg8 18. g3 f4 19. Bxc6 bxc6 20. Qa6+ Kb8 21. Nf5 Qf6 22. Nh4 Qxh4 23. Qd3 Rg7 24. Re1 Re8 25. Nd2 Qe7 26. Kf1 Nxd2+ 27. Qxd2 Qd7 28. Rxe8+ Qxe8 29. Qxf4 h5 30. Re1 Qf7 31. Qd2 c5 32. b4 c6 33. Qe2 Bc7 34. b5 Qd7 35. Qxh5 Re7 36. Rb1 cxb5 37. dxc5 Re5 38. Qd1 Qh3+ 39. Kg1 Re4 40. Rxb5+ Kc8 41. Qxd5 Re1# 0-1

[Event "Sachsen-ch U12 Girls"]
[Site "Sebnitz"]
[Date "2009.04.15"]
[Round "3"]
[White "Schlemmer, Elisabeth"]
[Black "Dehmel, Jennifer"]
[Result "1-0"]
[WhiteElo "1101"]
[BlackElo "825"]
[PlyCount "35"]
[EventDate "2009.04.14"]
[EventType "swiss"]
[EventRounds "7"]
[EventCountry "GER"]
[SourceTitle "EXT 2010"]
[Source "ChessBase"]
[SourceDate "2010.11.25"]
[SourceVersion "1"]
[SourceVersionDate "2010.11.25"]
[SourceQuality "1"]

1. e4 e5 2. Nf3 Nc6 3. d4 exd4 4. Bc4 Nf6 5. e5 Ne4 6. 0-0 Bc5 7. Re1 f5 8. Nbd2 Bb4 9. a3 Bxd2 10. Nxd2 Nxd2 11. Bxd2 d5 12. exd6+ Kf8 13. dxc7 Qxc7 14. Qe2 Ne7 15. Bb4 Ke8 16. Bxe7 b6 17. Bd6+ Qe7 18. Qxe7# 1-0